000 00830nam a22002297a 4500
999 _c8916
_d8916
003 AR-CdUCM
008 190326b ||||| |||| 00| 0 spa d
040 _aMUNICIPALIDAD PROVINCIAL DEL CUSCO
_cBIBLIOTECA MUNICIPAL DEL CUSCO
082 _a928 /
_bM23
100 _aMatos Mar, José
_94659
245 _aLuis E. Valcárcel memorias /
260 _aLima :
_bInstituto de estudios peruanos,
_c1981.
300 _a478 páginas ;
_bIlustraciones,
_c24 cm.
505 _aEl Cusco de comienzos de siglo -- Tempestad en los andes e indigenismo -- Hacia el conocimiento científico del mundo andino ...
650 _aMemorias
_9235
650 _aMultiplicidad cultural
_924769
650 _aPerú antiguo
_918455
700 _aDeustua C. José
_924770
700 _aRénique, José Luis
_924771
942 _2ddc
_cLIBROS
945 _aacv